000 00832nam a22002537a 4500
001 BR7304416
003 BR-BrBNA
005 20230928084029.0
007 ta
008 230509b bl.||||| |||| 00| 0 por d
040 _aBR-BrBNA
_bpor
_cBiblioteca Nacional de Agricultura
041 _a(Por)
072 _aH10
_b0230
_b4020
_b/G514
090 _ 0230 BR7304416
110 1 _aCamara dos Deputados, Brasilia, DF (Brasil). Comissao de Agricultura e Politica Rural
_91316
245 1 _aMesa - redonda sobre as cigarrinhas [Praga; Cana; Brasil]
260 3 _aBrasilia, DF (Brasil):
_c1972.
300 _a70 p.
500 _a(*) Documento disponível no(a) Instituto do Acucar e do Alcool, Rio de Janeiro, RJ (Brazil)
650 _aCANA DE ACUCAR
650 _aCIGARRINHA
909 _a202309
_bLucia
_c55
_dLucia Elande
942 _cBK
999 _c16426
_d16426